An analysis of the macroeconomic determinants of commercial banks profitability in Zambia (Record no. 85064)

MARC details
000 -LEADER
fixed length control field 00805 a2200229 4500
003 - CONTROL NUMBER IDENTIFIER
control field CBULib
005 - DATE AND TIME OF LATEST TRANSACTION
control field 20240709101222.0
008 - FIXED-LENGTH DATA ELEMENTS--GENERAL INFORMATION
fixed length control field 240709b |||||||| |||| 00| 0 eng d
040 ## - CATALOGING SOURCE
Language of cataloging English
Transcribing agency CBULib
Description conventions rda
050 ## - LIBRARY OF CONGRESS CALL NUMBER
Classification number CBU-PG THESIS/MWI
Item number B85064
100 ## - MAIN ENTRY--PERSONAL NAME
Personal name Mwila, Caddy Meyer
245 ## - TITLE STATEMENT
Title An analysis of the macroeconomic determinants of commercial banks profitability in Zambia
Statement of responsibility, etc / by Caddy Meyer Mwila
260 ## - PUBLICATION, DISTRIBUTION, ETC. (IMPRINT)
Name of publisher, distributor, etc Copperbelt University,
Place of publication, distribution, etc Kitwe :
Date of publication, distribution, etc 2023
300 ## - PHYSICAL DESCRIPTION
Extent xii, 53 pages : illustrations (some colour)
336 ## - CONTENT TYPE
Source rdacontent
Content type term Text |
Content type code txt
337 ## - MEDIA TYPE
Source rdamedia
Media type term Unmediated |
Media type code n
338 ## - CARRIER TYPE
Source rdacarrier
Carrier type term Volume
Carrier type code nc
500 ## - GENERAL NOTE
General note includes bibliographical references and appendices
650 #0 - SUBJECT ADDED ENTRY--TOPICAL TERM
9 (RLIN) 3040
Topical term or geographic name as entry element BANKS AND BANKING
650 #0 - SUBJECT ADDED ENTRY--TOPICAL TERM
9 (RLIN) 3038
Topical term or geographic name as entry element MACROECONOMICS
942 ## - ADDED ENTRY ELEMENTS (KOHA)
Source of classification or shelving scheme
Koha item type UNIVERSITY COLLECTION
Holdings
Withdrawn status Lost status Source of classification or shelving scheme Damaged status Not for loan Permanent Location Current Location Shelving location Date acquired Source of acquisition Total Checkouts Full call number Barcode Date last seen Copy number Price effective from Koha item type
          CBU-MAIN LIBRARY, KITWE. CBU-MAIN LIBRARY, KITWE. Special Collections 07/09/2024 CBU   CBU-PG THESIS/MWI B85064 07/09/2024 1 07/09/2024 UNIVERSITY COLLECTION